| 000 | 00471nam a2200145Ia 4500 | ||
|---|---|---|---|
| 008 | 220326s9999||||xx |||||||||||||| ||und|| | ||
| 020 | _a979-518-874-7 | ||
| 084 | _a10016 KAL Gov Bo.7e | ||
| 100 | _aJ. Kaloh | ||
| 245 | 0 | _aMencari Bentuk Otonomi Daerah, Suatu Solusi dalam Menjawab Kebutuhan Lokal dan Tantangan Global | |
| 260 |
_aJakarta _bRineka Cipta _c2002 |
||
| 300 | _ax + 185 halaman | ||
| 650 |
_aGovernment (Pemerintahan) _eG-O-V _yOtonomi Daerah |
||
| 942 | _cBK | ||
| 999 |
_c12499 _d12499 |
||